Discusiones sobre planificación; Informe de un seminario, Santiago, Chile, 6-14 julio 1965

में बचाया:
ग्रंथसूची विवरण
निगमित लेखक: ILPES
स्वरूप: मूलपाठ
प्रकाशित: México D.F: Siglo XXI
संस्करण:7
टैग: टैग जोड़ें
कोई टैग नहीं, इस रिकॉर्ड को टैग करने वाले पहले व्यक्ति बनें!

MARC

LEADER 00000 a a2200000 04500
001 23448
003
040
090 |a 162200  
110 |a ILPES  
245 |a Discusiones sobre planificación; Informe de un seminario, Santiago, Chile, 6-14 julio 1965  
250 |a 7  
260 |a México D.F:   |b Siglo XXI  
300 |a 143 p  
999 |c 4915  |d 4915